000 00521nam a22001697a 4500
005 20251108175846.0
008 250721s2022 xx 000 0 ara d
082 1 4 _a331.8903/حمد
100 1 _aحمدان، احمد
245 1 0 _aقاموس الوساطه والتفاوض :
_bانجليزي-عربي /
264 1 _aالقاهرة :
_bالدار المصرية اللبنانية،
_c2022.
300 _a271ص.
650 1 7 _aالقواميس
650 1 7 _aالوساطة
942 _2ddc
_cBK
999 _c144132
_d144132